1002 1128 1576 1174 1103 1430 1960 1701 1021 1217 1335 1697 1787 1188 1862 1345 1972 1366 1255 1386 1658 1475 1845 1438 1628 1838 1964 1564 1738 1893 1152 1465 1712 1671 1371 1325 1874 1648 1975 1584 1741 1566 1957 1455 1883 1294 1586 1158 1589 1264 1888 1991 1388 1479 1724 1966 1485 1168 1663 1135 1972 1580 1188 1856 1568 1738 1709 1216 1366 1460 1760 1554 1959 1686 1346 1165 1250 1877 1484 1215 1852 1508 1682 1658 1420 1138 1544 1424 1414 1123 1931 1078 1034 1618 1687 1570 1788 1099 1803 BCNSPRNW ULIB Ver.6.0+V

เปลี่ยนเป็นภาษาไทย

Change to English
 แสดงรายละเอียดบรรณานุกรม
  กลับหน้าหลัก

Brief Record : Get Marc (ISO 2709) : E-mail record : QR code < ปิดหน้าต่าง
LEADER : 00000nam 2200000uu 4500
001    13399111006
003     ULIB
008    110614s2010||||th 000 0 eng d
020    9780763769956
020    0763769959
060 04 WG39^bB874e 2010
100 1  Brosche, Theresa
245 14 The EKG handbook /^cTheresa Ann Middleton Brosche ;Jeffrey L. Williams, reviewer
260    Sudbury, Mass. :^bJones and Bartlett Publishers,^c2010
300    ix, 250 p. :^bill. ;^c16 x 23 cm.
504    Includes bibliographical references and index
650  2 Electrocardiography^xmethods^vHandbooks
650  2 Electrocardiography^xmethods^vNurses Instruction
650  2 Heart Diseases^xdiagnosis^vHandbooks
650  2 Heart Diseases^xdiagnosis^vNurses Instruction
945    ^p1216^l0^i030153
995    Kesorn
999 ^a ใช้งานได้ทุกระบบ
รายการนี้ยังไม่มีแท็ก
คุณยังไม่ได้ล็อกอิน คุณสามารถมีกิจกรรมร่วมกับเว็บไซต์ได้ แต่ต้องล็อกอินก่อน ::
  ล็อกอิน

รายการสื่อสารสนเทศ

ลำดับที่ ประเภท เลขเรียก/บาร์โค้ด สถานที่ สถานะ
- ไม่พบข้อมูล -

BibComment


ยังไม่เคยถูกคอมเมนท์

คอมเมนท์ทรัพยากรรายการนี้
  คอมเมนท์: The EKG handbook ..


 Copyright 2026. Bcnsprnw @Library